00419 2200157 4500001002100000005001500021035002000036245006500056100002300121300002600144260003500170082000800205084001400213020002200227990001200249INLIS00000000000306120250919085929 a0010-09250004081 aOpen Your Heart, Follow, Youer Prophet /cArif Rahaman Lubis0 aArif Rahaman Lubis a218 hlm ;c14 x 20 cm aJakarta :bQultum Media,c2017 a200 a200 ARI o a978-979-017-377-4 a0755574